Fundamentals of dairy chemistry

Salvato in:
Dettagli Bibliografici
Autori principali: Webb, Byron H (Autore), Johnson, Arnold H (Autore)
Natura: Libro
Lingua:inglese
Pubblicazione: Westport Avi 1965
Serie:Avi books on food science
Soggetti:
Tags: Aggiungi Tag
Nessun Tag, puoi essere il primo ad aggiungerne!!

MARC

LEADER 00000nam a2200000 a 4500
001 UCU7265
003 CL-VaPUC
008 960628e19650000US |||||||||||||||||eng|d
082 0 4 |a 637.1  |b WEB  |2 21 
100 0 |a Webb, Byron H  |e author  |9 365962 
700 0 |a Johnson, Arnold H  |e author  |9 365963 
245 1 0 |a Fundamentals of dairy chemistry 
300 |a 827 p 
942 |c BK 
945 |d 19960628 00:00:00  |a paguirre 
260 |a Westport  |b Avi  |c 1965 
650 0 |a Productos lácteos   |9 259521 
650 7 |a TECNOLOGIA DE ALIMENTOS  |2 CL-VaPUC  |9 365964 
650 0 |a Tecnología química   |9 263002 
650 0 |a Leche  |9 259848 
650 7 |a PROTEINAS  |2 CL-VaPUC  |9 365965 
650 7 |a QUESO  |2 CL-VaPUC  |9 362346 
650 0 |a Fermentación  |9 259565 
650 0 |a Enzimas  |9 262984 
583 |a last modification  |c 19960628 00:00:00  |k Rodrigo Vera 
490 0 |a Avi books on food science 
999 |c 249938  |d 249936 
952 |0 0  |1 0  |4 0  |6 637_100000000000000_WEB_1965  |7 0  |8 A  |9 267515  |a BIBING  |b BIBING  |d 2019-11-19  |i 1699040  |o 637.1 WEB 1965  |p 1699040  |r 2025-01-20  |w 2019-11-19  |y BK  |k EIB